000 00551nam a22001817a 4500
005 20251108164315.0
008 250721s1991 xx 000 0 ara d
082 1 4 _a355.3432/ميل
100 1 _aميلمان، يوسي
245 1 0 _aجواسيس المخابرات الإسرائيلية :
_bتاريخ و جغرافيا /
264 1 _aعمان :
_bدار الجليل للنشر،
_c1991.
300 _a434ص.
650 1 7 _aالموساد
650 1 7 _aالجواسيس
700 1 _aرافيف، دان
942 _2ddc
_cBK
999 _c8915
_d8915